| 000 | 00000nam##2200000za#4500 |
| 001 | 9.694190 |
| 003 | CaOODSP |
| 005 | 20220125145842 |
| 007 | cr ||||||||||| |
| 008 | 150407|2002||||xxc|||||o f|0| 0 eng|d |
| 040 | |aCaOODSP|beng |
| 043 | |an-cn--- |
| 086 | 1 |aD2-139/2002E-PDF |
| 110 | 1 |aCanada. |bDepartment of National Defence. |
| 245 | 10|aMilitary HR strategy 2020 : |h[electronic resource]|bfacing the people challenges of the future |
| 260 | |bNational Defence |cc2002. |
| 300 | |a50p.|bcoloured figs., tables |
| 500 | |aThe catalogue number (D2-139/2002) and ISBN (0-662-66732-8) for the bilingual print edition have been incorrectly copied in this electronic publication. |
| 590 | |a11-02-Supp|b2011-01-27 |
| 690 | 07|aHuman resources|2gcpds |
| 690 | 07|aMilitary personnel|2gcpds |
| 775 | 08|tStratégie en matière de RH militaires 2020 : |w(CaOODSP)9.638370 |
| 856 | 40|ahttp://publications.gc.ca|qPDF|s1470 KB|uhttps://publications.gc.ca/collections/collection_2011/dn-nd/D2-139-2002-eng.pdf |